000 03134nam0a22005291 4500
001 RU\NLR\A1\1235
005 20260407103848.0
035 _a(NLR Aleph) 009671389
090 _a9662947
_c9662947
100 _a19960826d1779 m y0rusy50 ca
101 0 _arus
102 _aRU
135 _acrmn mmmanaba
140 _ay y mayaa0100
200 1 _aСлова преосвященным Иеронимом епископом Владимирским и Муромским в городе Муроме говоренныя 1778 года
210 _a[М.]
_cпечатаны в типографии Императорскаго Московскаго университета
_d1779
215 _a34 с.
_d
305 _aСуществует 2 изд., отличающихся только набором. Последовательность изд. не установлена. В настоящем изд. слово "говоренныя" на тит. л. набрано прямым шрифтом
306 _aНа обороте тит. л. тип. марка Н.Новикова
316 _aЭкз. РНБ (18.111.2.192) в бумажной обл., раскраш. под "павлинье перо". На 1-й и 2-й с. обл. ярлык с шифром РНБ. На тит. л., с.33 и 34 круглый штамп ГПБ. На кн. блоке имеются пятна.
_5NLR: 18.111.2.192
317 _aЭкз. ИМПИ из б-ки Д.Г.Бурылина
_5ИМПИ
321 1 _aСК XVIII 2416
325 1 _aКопия доступна в электронной библиотеке РНБ
620 _dМосква
700 0 _4070
_7ca
_8rus
_aИероним
_cФармаковский, Иван Степанович
_cепископ
_f1732-1783
_9214140
_3RU\NLR\AUTH\770214196
702 1 _4610
_8rus
_7ca
_aНовиков
_bН. И.
_cиздатель
_f1744-1818
_gНиколай Иванович
_3RU\NLR\AUTH\772860
_9112867
702 1 _4070
_8rus
_7ca
_aБурылин
_bД. Г.
_f1852-1924
_gДмитрий Геннадьевич
_3RU\NLR\AUTH\771726
_9111746
712 0 2 _4610
_aМосковский университет
_bТипография
_3RU\NLR\AUTH\889932963
_9361140
801 0 _aRU
_bNLR
_c19960826
852 _aNLR
_j18.111.2.192
856 0 _uhttp://vivaldi.nlr.ru/bx000014111/view
856 1 _uhttp://vivaldi.nlr.ru/bx000014111/cover
856 2 _uhttp://vivaldi.nlr.ru/bx000014111/text
899 _aСПбГУ
899 _aРГБ
899 _aИМПИ
899 _aГПИБ
901 _eКнижные издания
942 _cBOOK
980 _aNB
980 9 _akprsl
980 _aA1XVIIIv
981 2 2 _a(22) Материалы по истории России
_b(22) Религиозные конфессии
981 2 2 _a(22) Материалы по истории России
_b(22) История России до 25 октября (7 ноября) 1917 года
981 2 0 _a(20) Книжные памятники РНБ